000
00308nam a2200157Ia 4500
100
_a
Davies/Alex
942
_c
BK
366
_f
20
654
_a
Async C#
245
_a
Async in C# 5.0
260
_b
Orielly
_c
2012
082
_a
5.133
_b
DAV
300
_a
92
546
_a
ENGLISH
_c
Computers
999
_c
23668
_d
23668